IT rendszerfejlesztés gazdasági szervezetnél

Bibliográfiai részletek
Szerző: Tantó Bence
További közreműködők: Avornicului dr. Mihály Szilárd
Dokumentumtípus: Diplomadolgozat
Kulcsszavak:információrendszer
IT - információtechnológia
szoftverfejlesztési módszertan
Felhőszolgáltatások
Online Access:http://dolgozattar.uni-bge.hu/16914

MARC

LEADER 00000nta a2200000 i 4500
001 dolg16914
005 20180516090516.0
008 180516suuuu hu om 000 hun d
040 |a BGE Dolgozattár Repozitórium  |b hun 
041 |a hu 
100 1 |a Tantó Bence 
245 1 0 |a IT rendszerfejlesztés gazdasági szervezetnél  |c Tantó Bence  |h [elektronikus dokumentum] 
695 |a információrendszer 
695 |a IT - információtechnológia 
695 |a szoftverfejlesztési módszertan 
695 |a Felhőszolgáltatások 
700 1 |a Avornicului dr. Mihály Szilárd  |e ths 
856 4 0 |u http://dolgozattar.uni-bge.hu/16914/1/Szakdolgozat_Tant%C3%B3_Bence.pdf  |z Dokumentum-elérés